Union budget FY-25 and the cooperative sector: Key reflections (Record no. 527395)

000 -LEADER
fixed length control field 00778nam a22001457a 4500
008 - FIXED-LENGTH DATA ELEMENTS--GENERAL INFORMATION
fixed length control field 240828b ||||| |||| 00| 0 eng d
100 ## - MAIN ENTRY--PERSONAL NAME
Personal name Gupta, Krishna Kumar
245 ## - TITLE STATEMENT
Title Union budget FY-25 and the cooperative sector: Key reflections
260 ## - PUBLICATION, DISTRIBUTION, ETC. (IMPRINT)
Place of publication, distribution, etc The Cooperator
300 ## - PHYSICAL DESCRIPTION
Extent 63(2), Aug, 2024: p.14-17
520 ## - SUMMARY, ETC.
Summary, etc Union budget FY 2024-24 highlights congruence of the spirit of the interim budget presstied by the Union finance minister in February 2024, before the commencement of elections. The budget lays emphasis on growth momentum. productivity enhancement and employment generation with a seers of fiscal prudence, policy contraption and no-political pluralism. – Reproduced
773 ## - HOST ITEM ENTRY
Main entry heading The Cooperator
906 ## - LOCAL DATA ELEMENT F, LDF (RLIN)
Subject DIP CO-OPERATIVES
942 ## - ADDED ENTRY ELEMENTS (KOHA)
Item type Articles
Holdings
Withdrawn status Lost status Source of classification or shelving scheme Damaged status Not for loan Permanent location Current location Date acquired Serial Enumeration / chronology Barcode Date last seen Koha item type
          Indian Institute of Public Administration Indian Institute of Public Administration 2024-08-28 63(2), Aug, 2024: p.14-17 AR132835 2024-08-28 Articles

Powered by Koha